000 00549nam a2200145 a 4500
001 000034631
005 20200930073816.0
008 111011s1885 xxu 000 0 spa d
040 _aDO-SdBNP
_beng
_cBNPHU
082 _axxxx
_bV785i
100 1 _aVining, Edward P.
_960066
245 1 0 _aAn Inglorious Columbus; or, evidence that hwui san and a party of buddhist monks from afghanistan discobered américa in the fifth century /
_cEdward P. Vining.
260 _aNew York :
_bD. Appleton and company,
_c1885.
300 _axxiii, 788 p. :
_bmap. ;
_c24 cm.
999 _c34122
_d34122